00535nam a2200157Ia 4500003000900000008004100009020001800050040001600068080001600084100001700100245013000117260006500247300001700312490001700329650003100346IN-BaIIA211028s9999 xx 000 0 eng d a0-8194-2515-X cIIA Library a535.31bMAH aMahajan, V.N 0aOptical imaging and aberrationsbpt. 1, ray geometrical opticscV. N. Mahajan  aUSAbThe International Society for Optical Engineeringc1998 axxiii, 469p. aSPIE v. PM45 aOptics, Geometrical optics